[Event "2nd Golders Green Open Apr 2014"]
[Site "?"]
[Date "2014.04.19"]
[Round "1"]
[White "Eden, Tomer"]
[Black "Taylor, John Paul"]
[Result "1-0"]
[WhiteElo "2216"]
[BlackElo "1934"]
[EventType "swiss"]
[EventRounds "6"]

1. Nf3 Nf6 2. c4 e6 3. g3 d5 4. Bg2 c6 5. O-O Bd6 6. d4 O-O 7. Qc2 Nbd7 8.
Nbd2 Qe7 9. b3 e5 10. dxe5 Nxe5 11. Bb2 dxc4 12. bxc4 Re8 13. c5 Bc7 14. e3
Bg4 15. Rab1 Rab8 16. Bd4 Bh5 17. Rb3 Nxf3+ 18. Nxf3 Qe4 19. Qxe4 Nxe4 20. Rb2
Bxf3 21. Bxf3 Ng5 22. Bg2 Ne6 23. Rfb1 Nxd4 24. exd4 b6 25. Bxc6 Red8 26. cxb6
Rxb6 27. Rxb6 Bxb6 28. d5 Rd6 29. Kg2 Kf8 30. a4 Rf6 31. f4 Ke7 32. Rb5 Kd6
33. a5 Bd4 34. a6 Bb6 35. Rxb6 {#r} 1-0

[Event "2nd Golders Green Open Apr 2014"]
[Site "?"]
[Date "2014.04.19"]
[Round "1"]
[White "Farzaliyev, Kanan"]
[Black "Ethelontis, Alexandros N"]
[Result "0-1"]
[WhiteElo "1924"]
[BlackElo "2167"]
[EventType "swiss"]
[EventRounds "6"]

1. e4 e6 2. d4 d5 3. Nc3 Bb4 4. e5 c5 5. a3 Bxc3+ 6. bxc3 Ne7 7. a4 Qa5 8. Qd2
b6 9. Bb5+ Bd7 10. Bxd7+ Nxd7 11. Nf3 O-O 12. O-O Rac8 13. Qd3 cxd4 14. cxd4
Qc3 15. Ba3 Rfe8 16. Bxe7 Qxd3 17. cxd3 Rxe7 18. Rfc1 Ree8 19. Kf1 f6 20. a5
b5 21. a6 Kf7 22. Rcb1 Rb8 23. Ra5 Rb6 24. Raxb5 Rxb5 25. Rxb5 Rb8 26. Ra5 Rb6
27. Ra3 Nb8 28. Rc3 Nc6 29. g4 Rxa6 30. Ke2 Rb6 31. Ke3 a5 32. h4 Ke7 33.
exf6+ gxf6 34. g5 fxg5 35. Ne5 Nxe5 36. dxe5 gxh4 37. Rc7+ Kf8 38. Rxh7 Ra6
39. Rxh4 a4 40. Rh1 a3 41. Ra1 a2 42. Kd4 Kf7 43. f4 Kg6 44. Rg1+ Kh5 45. Ra1
Kg4 46. Ke3 Ra4 47. Rg1+ Kh5 48. Rh1+ Kg6 49. Ra1 Kf5 50. Rg1 Rxf4 51. d4 Re4+
52. Kd3 Rg4 53. Rf1+ Rf4 54. Ra1 Rf3+ 55. Ke2 Ke4 56. Rd1 Ra3 {#R} 0-1

[Event "2nd Golders Green Open Apr 2014"]
[Site "?"]
[Date "2014.04.19"]
[Round "1"]
[White "Karayiannis, Costas"]
[Black "Iqbal, Zafar"]
[Result "1/2-1/2"]
[WhiteElo "2160"]
[BlackElo "1892"]
[EventType "swiss"]
[EventRounds "6"]

1. d4 Nf6 2. c4 g6 3. Nc3 d5 4. cxd5 Nxd5 5. Bd2 Bg7 6. e4 Nb6 7. Be3 O-O 8.
f4 Nc6 9. d5 Na5 10. Bd4 Bh6 11. g3 c6 12. dxc6 Nxc6 13. Bf2 e5 14. Qxd8 Rxd8
15. Be3 Nd4 16. Rc1 Bg4 17. h3 Be6 18. Kf2 f6 19. Nf3 Rac8 20. fxe5 Bxe3+ 21.
Kxe3 Nxf3 22. Kxf3 fxe5 23. Ke3 Na4 24. Be2 Nxb2 25. Nd5 Kg7 26. Rb1 Bxd5 27.
exd5 Rc2 28. Bd3 Nxd3 29. Rxb7+ Kh6 30. Kxd3 Rxa2 31. Ke4 a5 {#d} 1/2-1/2

[Event "2nd Golders Green Open Apr 2014"]
[Site "?"]
[Date "2014.04.19"]
[Round "1"]
[White "Landau, Jonathan"]
[Black "Mircov, Nicola Alexandru"]
[Result "0-1"]
[WhiteElo "1921"]
[BlackElo "2153"]
[EventType "swiss"]
[EventRounds "6"]

1. e4 c5 2. Nc3 Nc6 3. f4 e6 4. Nf3 d5 5. Bb5 d4 6. Bxc6+ bxc6 7. Ne2 d3 8.
Ng3 Ba6 9. c3 c4 10. O-O h5 11. e5 Qd5 12. Qe1 O-O-O 13. Ne4 Bb7 14. Rb1 Qa5
15. b3 Qxa2 16. Rb2 Qa6 17. Qf2 Nh6 18. h3 cxb3 19. Nc5 Bxc5 20. Qxc5 Rd5 21.
Qb4 Rb5 22. Qc4 Rb6 23. Qc5 Nf5 24. c4 Rd8 25. Re1 Qa4 26. g4 hxg4 27. hxg4
Nh6 28. Ng5 Qb4 29. Qxb4 Rxb4 30. Ne4 a5 31. Nd6+ Kc7 32. Re3 a4 33. Rxd3 Rxc4
34. Nxc4 Rxd3 {#R} 0-1

[Event "2nd Golders Green Open Apr 2014"]
[Site "?"]
[Date "2014.04.19"]
[Round "1"]
[White "Willmoth, Robert"]
[Black "Ponting, Andrew"]
[Result "1-0"]
[WhiteElo "2142"]
[BlackElo "1915"]
[EventType "swiss"]
[EventRounds "6"]

1. Nf3 d5 2. b3 Nf6 3. Bb2 Bg4 4. e3 Nbd7 5. d4 e6 6. Be2 Be7 7. O-O O-O 8. c4
dxc4 9. bxc4 c5 10. Nc3 cxd4 11. exd4 Rc8 12. Nd2 Bxe2 13. Qxe2 a6 14. Rfd1
Qb6 15. Rab1 Qc7 16. Rbc1 Bb4 17. Nce4 Bxd2 18. Nxf6+ Nxf6 19. Qxd2 Rfd8 20.
Qe2 Qf4 21. Rd3 b5 22. c5 Qe4 23. Re3 Qf4 24. Re1 Nd5 25. Rf3 Qg5 26. Bc1 Qg4
27. Qe5 f6 28. Qxe6+ Qxe6 29. Rxe6 Nb4 30. Kf1 Rxd4 31. Bb2 Rd1+ 32. Ke2 Rcd8
33. Bc3 Nxa2 34. Ba5 Nc1+ 35. Ke3 R8d3+ 36. Kf4 Rd4+ 37. Kg3 R1d3 38. c6 Kf7
39. c7 Rxf3+ 40. Kxf3 Rc4 41. Rd6 Nb3 42. Bb6 a5 43. Rd8 {#r} 1-0

[Event "2nd Golders Green Open Apr 2014"]
[Site "?"]
[Date "2014.04.19"]
[Round "1"]
[White "Alin Dumitru, Paveliuc"]
[Black "Sano, Tomu"]
[Result "0-1"]
[WhiteElo "1909"]
[BlackElo "2135"]
[EventType "swiss"]
[EventRounds "6"]

1. e4 e5 2. d4 exd4 3. c3 dxc3 4. Nxc3 Bb4 5. Bc4 Qe7 6. Qc2 Nf6 7. Bd2 O-O 8.
f3 d6 9. Nge2 Nc6 10. O-O-O Ne5 11. Bb3 h6 12. Nf4 c6 13. a3 Bc5 14. Na4 b5
15. Nxc5 dxc5 16. Bc3 c4 17. Ba2 Nfd7 18. h4 Nc5 19. g4 Ned3+ 20. Nxd3 Nxd3+
21. Rxd3 cxd3 22. Qxd3 Rd8 23. Qc2 Be6 24. Bb1 Bc4 25. e5 Bd3 26. Qb3 Qc5 27.
Re1 Qc4 28. Ba2 Qf4+ 29. Bd2 Qxd2+ 30. Kxd2 Bc4+ 31. Kc3 Rd3+ 32. Kb4 {#R} 0-1

[Event "2nd Golders Green Open Apr 2014"]
[Site "?"]
[Date "2014.04.19"]
[Round "1"]
[White "Makepeace, Phil"]
[Black "Mitra, Roman C"]
[Result "1-0"]
[WhiteElo "2104"]
[BlackElo "1889"]
[EventType "swiss"]
[EventRounds "6"]

1. e4 c5 2. Nf3 d6 3. d4 cxd4 4. Nxd4 Nf6 5. Nc3 a6 6. Be2 e5 7. Nb3 Be6 8.
O-O Be7 9. Bg5 Nbd7 10. Qd2 Qc7 11. Kh1 h6 12. Be3 g5 13. Rac1 Nb6 14. Bxb6
Qxb6 15. Nd5 Nxd5 16. exd5 Bf5 17. c4 Qc7 18. Rfd1 b6 19. c5 bxc5 20. Nxc5 Qb6
21. Nxa6 O-O 22. Nb4 Bd7 23. Bc4 f5 24. Nc6 Bf6 25. b4 Kg7 26. Bb3 g4 27. Rc2
Bg5 28. Qc3 Bf6 29. a4 e4 30. Qc4 Bxc6 31. dxc6 Qc7 32. Qe6 Be5 33. b5 e3 34.
fxe3 Qd8 35. g3 Qg5 36. Re2 Rae8 37. Qd5 h5 38. c7 h4 39. gxh4 Qxh4 40. Qg2 f4
41. exf4 Rxf4 42. Be6 Rxe6 43. c8=Q Ref6 44. Rg1 Rg6 45. Rxe5 dxe5 46. Qc7+
Kh6 47. Qxe5 Rf8 48. Qe3+ Kh5 49. Rc1 Rf5 50. Rc5 Rxc5 51. Qxc5+ Rg5 52. Qe7
Kg6 53. Qge4+ {#r} 1-0

[Event "2nd Golders Green Open Apr 2014"]
[Site "?"]
[Date "2014.04.19"]
[Round "1"]
[White "Kane, Robert"]
[Black "Villiers, Thomas"]
[Result "0-1"]
[WhiteElo "1875"]
[BlackElo "2097"]
[EventType "swiss"]
[EventRounds "6"]

1. d4 Nf6 2. Nf3 e6 3. e3 b6 4. Bd3 Bb7 5. O-O Be7 6. c4 O-O 7. Nc3 d5 8. cxd5
exd5 9. Ne5 Ne4 10. Qb3 c5 11. Bxe4 dxe4 12. Rd1 cxd4 13. exd4 Nd7 14. Be3
Nxe5 15. dxe5 Qc7 16. e6 Qe5 17. Rd7 Bd6 18. g3 Bc6 19. Bf4 Bxd7 20. exf7+
Rxf7 21. Bxe5 Bxe5 22. Rd1 Bg4 23. Qd5 Re8 24. Re1 Bxc3 25. bxc3 Bf3 26. Qd4
Rc7 27. Kf1 h6 28. a4 Rec8 29. Rxe4 Bxe4 30. Qxe4 Rxc3 31. a5 Kh8 32. axb6
axb6 33. Qb4 Rc1+ 34. Kg2 Rb8 35. h4 b5 36. Qd6 Rcc8 37. Qb4 Rc4 38. Qb3 Rd4
39. Qb2 Rc4 40. Qb3 Rc5 41. Qb4 Rc2 42. Qb3 Rc6 43. Qd5 Rcc8 44. g4 b4 45. Qb3
Rc3 46. Qb2 Rc4 47. Qe5 Rbc8 48. g5 Rxh4 49. Qe6 Rf8 50. f4 h5 51. Kg3 Rhxf4
52. Qe2 Rg4+ 53. Kh3 b3 54. g6 Rxg6 55. Qd3 Rb6 56. Qd4 Rff6 57. Qd8+ Kh7 58.
Qd3+ Rg6 59. Kh4 b2 60. Qb1 Kh6 61. Qe4 Rg4+ {#R} 0-1

[Event "2nd Golders Green Open Apr 2014"]
[Site "?"]
[Date "2014.04.19"]
[Round "1"]
[White "Bonafont, Philip"]
[Black "Barasi, Paul"]
[Result "0-1"]
[WhiteElo "2045"]
[BlackElo "1854"]
[EventType "swiss"]
[EventRounds "6"]

1. d4 d5 2. Nf3 Nc6 3. c4 Bg4 4. Nc3 e6 5. cxd5 exd5 6. h3 Bxf3 7. exf3 Bb4 8.
Be3 Nf6 9. Bd3 O-O 10. O-O h6 11. Rc1 a6 12. a3 Bd6 13. Na4 Nh5 14. g3 Re8 15.
Re1 Nxg3 16. fxg3 Bxg3 17. Re2 Rxe3 18. Rxe3 Bf4 19. Re2 Bxc1 20. Qxc1 Nxd4
21. Rf2 Qh4 22. Qf1 Re8 23. Kg2 Re5 24. Kh2 Rg5 25. Nc3 Qg3+ 26. Kh1 Rh5 27.
Rh2 Nxf3 28. Qf2 Qxh2+ 29. Qxh2 Nxh2 30. Kxh2 Re5 31. Kg2 Kf8 32. Kf2 Ke7 {#R}
0-1

[Event "2nd Golders Green Open Apr 2014"]
[Site "?"]
[Date "2014.04.19"]
[Round "1"]
[White "Brozel, Sacha"]
[Black "Rice, Chris"]
[Result "1/2-1/2"]
[WhiteElo "1751"]
[BlackElo "2014"]
[EventType "swiss"]
[EventRounds "6"]

1. d4 d6 2. Nf3 Nf6 3. c4 c6 4. Nc3 Nbd7 5. e4 e5 6. Be2 Be7 7. O-O O-O 8. Qc2
Re8 9. d5 c5 10. Rb1 g6 11. Ne1 Kg7 12. Nd3 Ng8 13. f4 exf4 14. Bxf4 f6 15.
Rf3 Ne5 16. Bxe5 fxe5 17. Rbf1 Rf8 18. Rxf8 Bxf8 19. Qd2 Be7 20. Qe3 Bg5 21.
Qf2 Qe7 22. Qg3 Nh6 23. Ne1 Bh4 24. Qe3 Bxe1 25. Rxe1 Bd7 26. Rf1 a6 27. a3
Rf8 28. Rxf8 Qxf8 29. h3 Qf6 30. Qf2 Qg5 31. Kh2 Nf7 32. Bf3 Qf4+ 33. g3 Qc1
34. h4 b5 35. cxb5 axb5 36. Qe2 b4 37. axb4 cxb4 38. Na2 Qc5 39. Qd2 b3 40.
Nc3 Nd8 41. Bg2 h6 42. Qd1 Qb6 43. Qa1 Nb7 44. Qg1 Nc5 45. Qa1 Nd3 46. Qb1 Nb4
47. Qd1 Nc2 48. Qg1 Nd4 49. Ne2 Qc5 50. Nc3 Bg4 51. Kh1 Qc4 52. Bf1 Bf3+ 53.
Kh2 Qc7 54. Qf2 Bg4 55. Bh3 Bxh3 56. Kxh3 Qc4 57. Kg2 Qd3 58. g4 Nc2 59. Qa7+
Kf6 60. Qf2+ {#d} 1/2-1/2

[Event "2nd Golders Green Open Apr 2014"]
[Site "?"]
[Date "2014.04.19"]
[Round "1"]
[White "Rogers, Tim"]
[Black "Anbukumar, Hajane"]
[Result "1-0"]
[WhiteElo "1968"]
[BlackElo "1648"]
[EventType "swiss"]
[EventRounds "6"]

1. e4 c5 2. Nf3 e6 3. c3 Nf6 4. e5 Nd5 5. d4 cxd4 6. cxd4 d6 7. Bc4 Nc6 8. O-O
Nb6 9. Bb5 Bd7 10. exd6 Bxd6 11. Nc3 a6 12. Bd3 Rc8 13. Re1 Nb4 14. Be4 Qc7
15. a3 Nc6 16. d5 Ne7 17. dxe6 Bxe6 18. Ng5 Bxh2+ 19. Kh1 Bd7 20. Qh5 Bf4 21.
Qxf7+ Kd8 22. Bxf4 {#r} 1-0

[Event "2nd Golders Green Open Apr 2014"]
[Site "?"]
[Date "2014.04.19"]
[Round "1"]
[White "Darvish, Masoud"]
[Black "Vicek, Marek"]
[Result "0-1"]
[WhiteElo "1458"]
[BlackElo "1964"]
[EventType "swiss"]
[EventRounds "6"]

1. d4 Nf6 2. c4 e5 3. dxe5 Ng4 4. Nf3 Nc6 5. Bg5 Be7 6. Bxe7 Qxe7 7. e4 Qc5 8.
Qd2 Ncxe5 9. Nxe5 Nxe5 10. b4 Qe7 11. a3 O-O 12. Nc3 c6 13. Be2 d6 14. Rd1 Be6
15. Qxd6 Qxd6 16. Rxd6 Bxc4 17. O-O Bxe2 18. Nxe2 Nc4 19. Rd3 a5 20. Rb1 axb4
21. Rxb4 b5 22. Rbb3 Rfd8 23. Rxd8+ Rxd8 24. g3 Rd2 25. Nc3 g5 26. a4 Rd3 27.
axb5 cxb5 28. Rxb5 Rxc3 29. Rxg5+ Kf8 30. Rc5 Rc1+ 31. Kg2 Ne3+ 32. fxe3 Rxc5
33. Kf3 Kg7 34. h4 h5 35. Kf4 f6 36. g4 hxg4 37. Kxg4 Kg6 38. Kf4 Kh5 39. Kg3
Re5 40. Kf4 Kxh4 41. Kf3 Kg5 {#R} 0-1

[Event "2nd Golders Green Open Apr 2014"]
[Site "?"]
[Date "2014.04.19"]
[Round "2"]
[White "Villiers, Thomas"]
[Black "Eden, Tomer"]
[Result "1/2-1/2"]
[WhiteElo "2097"]
[BlackElo "2216"]
[EventType "swiss"]
[EventRounds "6"]

1. c4 c6 2. e4 d5 3. cxd5 cxd5 4. exd5 Nf6 5. Bb5+ Nbd7 6. Nc3 g6 7. Nge2 Bg7
8. d3 O-O 9. Bc4 Ne8 10. O-O Nd6 11. Bf4 a6 12. Qd2 b5 13. Bb3 Nc5 14. Bc2 Bb7
15. b4 Nd7 16. Rac1 Nb6 17. Bb3 Qd7 18. Qe3 Na4 19. Ne4 Nf5 20. Qd2 Bxd5 21.
Rc7 Qd8 22. Rfc1 Bxb3 23. axb3 Nb6 24. Nc5 e5 25. Nb7 Qd5 26. Be3 Nc8 27. Nc5
{#d} 1/2-1/2

[Event "2nd Golders Green Open Apr 2014"]
[Site "?"]
[Date "2014.04.19"]
[Round "2"]
[White "Ethelontis, Alexandros N"]
[Black "Makepeace, Phil"]
[Result "1/2-1/2"]
[WhiteElo "2167"]
[BlackElo "2104"]
[EventType "swiss"]
[EventRounds "6"]

1. c4 e6 2. g3 d5 3. Bg2 Nf6 4. Nf3 Be7 5. O-O O-O 6. d4 c6 7. Nc3 Nbd7 8. b3
a6 9. Bb2 b5 10. Nd2 bxc4 11. bxc4 Rb8 12. Qc2 a5 13. e4 dxc4 14. Rfd1 Ba6 15.
Na4 Nb6 16. Nc5 Qc8 17. Nxa6 Qxa6 18. Bf1 Rfd8 19. Rac1 Qb5 20. Ba1 Qh5 21.
Bg2 c5 22. Nxc4 Nxc4 23. Qxc4 Rb4 24. Qc2 cxd4 25. a3 Rbb8 26. Bxd4 Bxa3 27.
Ra1 Bb4 28. h3 Rbc8 29. Qb3 Qe2 30. Bf3 Qc4 31. Qe3 Ne8 {#d} 1/2-1/2

[Event "2nd Golders Green Open Apr 2014"]
[Site "?"]
[Date "2014.04.19"]
[Round "2"]
[White "Mircov, Nicola Alexandru"]
[Black "Rogers, Tim"]
[Result "0-1"]
[WhiteElo "2153"]
[BlackElo "1968"]
[EventType "swiss"]
[EventRounds "6"]

1. e4 c6 2. d4 d5 3. exd5 cxd5 4. c4 Nf6 5. Nc3 e6 6. Nf3 Bb4 7. cxd5 Nxd5 8.
Qc2 Nc6 9. Bd2 Be7 10. a3 Bf6 11. Ne4 O-O 12. Nxf6+ Qxf6 13. Be3 e5 14. Bd3 h6
15. Be4 Nxe3 16. fxe3 exd4 17. Bxc6 bxc6 18. Nxd4 c5 19. Nf3 Rb8 20. O-O Rxb2
21. Qxc5 Ba6 22. Rfb1 Rxb1+ 23. Rxb1 Qg6 24. Re1 Rc8 25. Qxa7 Rc2 26. Qa8+ Kh7
27. Nh4 Qd3 28. Qf3 Qd2 29. Rd1 Rc1 30. Rxc1 Qxc1+ 31. Kf2 Qd2+ 32. Kg3 Qd6+
33. Kf2 Qd2+ 34. Kg3 Qd6+ 35. Qf4 Qxa3 36. Qf5+ Kg8 37. Qe5 Bc8 38. Nf3 Qb4
39. Qe8+ Qf8 40. Qc6 Qd8 41. h4 Be6 42. e4 Kh7 43. e5 Bd5 44. Qd6 Qa8 45. Qc5
Qc6 46. Qe3 Qg6+ 47. Kf2 Qg4 48. g3 Qf5 49. Qf4 Qc2+ 50. Nd2 Qd3 51. Qe3 Qf5+
52. Ke2 Kg6 53. Qd4 Bg2 54. g4 Qc2 55. Kf2 Bc6 56. Kg3 Bb7 57. Kf4 Kh7 58. Ke3
Qc6 59. Qd3+ g6 60. Qd6 Qg2 61. Qd7 Bd5 62. Qd6 Be6 63. Qd4 Qg3+ 64. Nf3 Bxg4
65. Qf4 Qxf4+ 66. Kxf4 Bxf3 67. Kxf3 Kg7 68. Ke4 Kf8 69. h5 gxh5 70. Kf5 Ke7
71. e6 fxe6+ 72. Kg6 h4 {#R} 0-1

[Event "2nd Golders Green Open Apr 2014"]
[Site "?"]
[Date "2014.04.19"]
[Round "2"]
[White "Vicek, Marek"]
[Black "Willmoth, Robert"]
[Result "0-1"]
[WhiteElo "1964"]
[BlackElo "2142"]
[EventType "swiss"]
[EventRounds "6"]

1. Nf3 d6 2. c4 e5 3. d3 f5 4. Nc3 Nf6 5. g3 Be7 6. Bg2 O-O 7. O-O Qe8 8. Bg5
Qh5 9. c5 c6 10. cxd6 Bxd6 11. Bxf6 Rxf6 12. Qb3+ Kh8 13. e3 Na6 14. a3 Nc5
15. Qc2 Ne6 16. b4 Bd7 17. Rad1 Rh6 18. Qe2 Rf8 19. h4 Qe8 20. Ng5 Nxg5 21.
hxg5 Re6 22. Bh3 Re7 23. Rde1 a5 24. bxa5 Bxa3 25. Ra1 Bb4 26. Nd1 f4 27. Bxd7
Qxd7 28. f3 fxg3 29. Kg2 Qf5 30. a6 b5 31. a7 Ra8 32. Ra6 Rexa7 33. Rxc6 Ra2
34. Rc2 Qe6 35. Kxg3 Qb3 36. Rb2 Qe6 37. Qc2 Rxb2 38. Nxb2 Rc8 39. Qb1 Qe7 40.
f4 Bd6 41. Kg4 exf4 42. exf4 Qe6+ 43. Kh4 Qe2 44. Qa1 h5 45. gxh6 Qh2+ 46. Kg5
Qg2+ 47. Kf5 Rc5+ 48. Ke6 Qd5+ 49. Kd7 Rc7+ 50. Ke8 Qg8# 0-1

[Event "2nd Golders Green Open Apr 2014"]
[Site "?"]
[Date "2014.04.19"]
[Round "2"]
[White "Sano, Tomu"]
[Black "Islam, Mohammed"]
[Result "1-0"]
[WhiteElo "2135"]
[BlackElo "1870"]
[EventType "swiss"]
[EventRounds "6"]

1. e4 c5 2. Nf3 d6 3. d4 cxd4 4. Nxd4 Nf6 5. Nc3 g6 6. Bc4 Bg7 7. h3 Nc6 8.
Be3 O-O 9. Bb3 Bd7 10. O-O Rc8 11. f4 Nxd4 12. Bxd4 Bc6 13. Qe1 b6 14. Rd1 Qc7
15. Nd5 Qb7 16. Bxf6 Bxf6 17. c3 Bg7 18. f5 Rce8 19. Qh4 e6 20. Nf6+ Bxf6 21.
Qxf6 exf5 22. exf5 Bxg2 23. fxg6 Bxf1 24. Rxf1 hxg6 25. Qxg6+ Kh8 26. Qf6+ Kg8
27. Qg5+ Kh8 28. Qh5+ Kg7 29. Kh2 Re5 30. Rg1+ Kf6 31. Qh4+ Rg5 32. Qxg5# 1-0

[Event "2nd Golders Green Open Apr 2014"]
[Site "?"]
[Date "2014.04.19"]
[Round "2"]
[White "Barasi, Paul"]
[Black "Karayiannis, Costas"]
[Result "0-1"]
[WhiteElo "1854"]
[BlackElo "2160"]
[EventType "swiss"]
[EventRounds "6"]

1. d4 e6 2. g4 c5 3. d5 exd5 4. Qxd5 Nf6 5. Qg2 d5 6. g5 Ne4 7. f3 Qa5+ 8. c3
Nd6 9. Nd2 Nc6 10. e4 Be6 11. Nb3 Qb6 12. Ne2 d4 13. cxd4 cxd4 14. Nf4 Bxb3
15. axb3 Qxb3 16. Be2 Nc4 17. O-O Ne3 18. Qh3 g6 19. Bd1 Nxd1 20. Nd5 Kd8 21.
Bf4 Rc8 22. Raxd1 Bc5 23. Rc1 b6 24. Rxc5 bxc5 25. Qh6 Nb4 26. Be5 Nxd5 27.
Bxh8 Qe3+ 28. Kh1 Nf4 29. Qf8+ Kd7 30. Qxf7+ Kc6 31. Qc4 Qd3 32. Qa4+ Kb6 33.
Qa1 Rxh8 34. b4 cxb4 {#R} 0-1

[Event "2nd Golders Green Open Apr 2014"]
[Site "?"]
[Date "2014.04.19"]
[Round "2"]
[White "Iqbal, Zafar"]
[Black "Brozel, Sacha"]
[Result "0-1"]
[WhiteElo "1892"]
[BlackElo "1751"]
[EventType "swiss"]
[EventRounds "6"]

1. e4 c5 2. c3 Nf6 3. e5 Nd5 4. Bc4 Nb6 5. Bb3 Nc6 6. Nf3 e6 7. d4 cxd4 8.
cxd4 d5 9. O-O Be7 10. Nc3 a6 11. a3 Bd7 12. Qd3 Na5 13. Bc2 Rc8 14. b3 Qc7
15. Bd2 Nc6 16. Rfc1 Na7 17. Ne2 Bb5 18. Qe3 Qb8 19. Ng3 h5 20. h4 Nd7 21. Ng5
Nc6 22. a4 Bxg5 23. hxg5 h4 24. axb5 Nxd4 25. Qxd4 hxg3 26. f4 axb5 27. Qd3
Qc7 28. Qxg3 Qb6+ 29. Be3 d4 30. Bf2 Qc6 31. g6 f5 32. exf6 Nxf6 33. Bxd4 Qd5
34. Qe3 Ng4 35. Qd3 Rh2 36. Qe4 Rxg2+ 37. Kf1 Rcxc2 38. Qxd5 Nh2+ 39. Ke1
Rge2+ 40. Kd1 Rcd2# 0-1

[Event "2nd Golders Green Open Apr 2014"]
[Site "?"]
[Date "2014.04.19"]
[Round "2"]
[White "Rice, Chris"]
[Black "Bonafont, Philip"]
[Result "1-0"]
[WhiteElo "2014"]
[BlackElo "2045"]
[EventType "swiss"]
[EventRounds "6"]

1. c4 c5 2. Nf3 Nc6 3. g3 e5 4. Nc3 g6 5. a3 Bg7 6. Rb1 a5 7. d4 Nxd4 8. Nxd4
cxd4 9. Nb5 Qb6 10. e3 Ne7 11. exd4 exd4 12. Bf4 O-O 13. Bg2 d5 14. Nc7 Bf5
15. Nxa8 Qe6+ 16. Qe2 Bxb1 17. cxd5 Nxd5 18. Qxe6 fxe6 19. Bxd5 exd5 20. Nc7
Be4 21. Rf1 Bf3 22. Kd2 Rc8 23. Rc1 d3 24. b4 Bb2 25. Rb1 Bxa3 26. bxa5 Bc5
27. Rxb7 Bxf2 28. Kxd3 Be4+ 29. Ke2 Bd4 30. a6 Bc5 31. a7 d4 32. Rb8 Rf8 33.
Ne6 {#r} 1-0

[Event "2nd Golders Green Open Apr 2014"]
[Site "?"]
[Date "2014.04.19"]
[Round "2"]
[White "Taylor, John Paul"]
[Black "Alin Dumitru, Paveliuc"]
[Result "1/2-1/2"]
[WhiteElo "1934"]
[BlackElo "1909"]
[EventType "swiss"]
[EventRounds "6"]

1. e4 c5 2. Nf3 d6 3. d4 cxd4 4. Nxd4 Nf6 5. Nc3 a6 6. Bd3 e6 7. O-O Be7 8. f4
Nbd7 9. Be3 Qc7 10. a4 Nc5 11. Qe2 Nxd3 12. cxd3 O-O 13. Rac1 Qa5 14. f5 Bd7
15. g4 e5 16. Nb3 Qb4 17. g5 Qxb3 18. gxf6 Bxf6 19. Nd5 Bd8 20. f6 Be6 21. Qg2
g6 22. Qg5 Bxd5 23. exd5 Qxd5 24. Qh6 Bxf6 25. Rxf6 Rac8 26. Rcf1 Rc2 27. Qh3
Qxd3 28. Qf3 Rc7 29. Rd1 Qb3 30. Rfxd6 Qxa4 31. Bh6 Re8 32. h3 Qh4 33. Rd7
Rxd7 34. Rxd7 Kh8 35. Bg7+ Kxg7 36. Qxf7+ Kh6 37. Qxe8 Qe1+ 38. Kg2 Qe2+ {#d}
1/2-1/2

[Event "2nd Golders Green Open Apr 2014"]
[Site "?"]
[Date "2014.04.19"]
[Round "2"]
[White "Mitra, Roman C"]
[Black "Farzaliyev, Kanan"]
[Result "0-1"]
[WhiteElo "1889"]
[BlackElo "1924"]
[EventType "swiss"]
[EventRounds "6"]

1. e4 c5 2. Nf3 d6 3. Bb5+ Bd7 4. Bxd7+ Qxd7 5. O-O Nf6 6. Re1 Nc6 7. c3 g6 8.
d3 Bg7 9. h3 O-O 10. Be3 b5 11. Qd2 b4 12. Bh6 a5 13. Bxg7 Kxg7 14. d4 e5 15.
d5 Ne7 16. c4 Nh5 17. Kh2 Nf4 18. Ng1 h6 19. Qe3 f5 20. f3 g5 21. g3 Nh5 22.
g4 fxg4 23. hxg4 Nf4 24. Nh3 Neg6 25. Nd2 h5 26. Kg3 Nxh3 27. Kxh3 hxg4+ 28.
Kg3 Rf4 29. Rh1 gxf3 30. Kf2 Nh4 31. Nf1 Ng2 32. Qd3 Raf8 33. Ng3 Rh4 34. Rxh4
Nxh4 35. Rg1 Qh3 36. Nf5+ Nxf5 37. Rxg5+ Kh7 38. exf5 Qh4+ 39. Rg3 e4 40. Qf1
e3+ {#R} 0-1

[Event "2nd Golders Green Open Apr 2014"]
[Site "?"]
[Date "2014.04.19"]
[Round "2"]
[White "Anbukumar, Hajane"]
[Black "Landau, Jonathan"]
[Result "0-1"]
[WhiteElo "1648"]
[BlackElo "1921"]
[EventType "swiss"]
[EventRounds "6"]

1. d4 d5 2. Nf3 Nc6 3. g3 Bg4 4. Bg2 Nf6 5. Ne5 e6 6. Nxg4 Nxg4 7. h3 Nf6 8.
b3 Be7 9. Bb2 O-O 10. O-O Nb8 11. c4 c6 12. Nd2 Nbd7 13. Qc2 Rc8 14. e4 dxe4
15. Nxe4 Nxe4 16. Qxe4 Nf6 17. Qe2 Qa5 18. a3 Rfd8 19. b4 Qf5 20. Qe5 Qc2 21.
Rab1 Qxc4 22. Rfc1 Qa6 23. Rc2 Nd5 24. Rbc1 Bf6 25. Qe1 Qb6 26. Rc5 a6 27. Qe2
g6 28. h4 Rc7 29. h5 Rcd7 30. Rd1 Ne7 31. Bh3 Nf5 32. Bxf5 exf5 33. hxg6 hxg6
34. Qe3 Rd5 35. Rxd5 Rxd5 36. Kg2 a5 37. Qe8+ Kg7 38. Rh1 Qd8 39. Qe3 Bg5 40.
f4 Bf6 41. Rd1 axb4 42. axb4 Rb5 43. Bc3 Qd5+ 44. Kf2 Qb3 45. Qd3 Qd5 46. Qe2
Qd6 47. Qe3 b6 48. Rd2 Rd5 49. Ke2 Qf8 50. Kf2 Qh8 51. Kg2 Qd8 52. Kf1 Rd7 53.
Kf2 Re7 54. Qf3 Re4 55. Qd3 Qd5 56. Kg1 Re8 57. Kf2 Rh8 58. Re2 c5 59. bxc5
bxc5 60. Ke3 Re8+ 61. Kd2 Rxe2+ 62. Kxe2 cxd4 63. Bd2 Qe4+ 64. Qxe4 fxe4 65.
g4 Kf8 66. Ba5 Ke7 67. g5 Bg7 68. Bb4+ Ke6 69. Ba3 Kd5 70. Bc1 Kc4 71. Bd2 Kb3
72. Bc1 Kc2 73. Bd2 Bf8 74. Be3 Bc5 75. Bd2 d3+ 76. Ke1 e3 77. Bxe3 Bxe3 78.
f5 gxf5 79. g6 fxg6 80. Kf1 d2 {#R} 0-1

[Event "2nd Golders Green Open Apr 2014"]
[Site "?"]
[Date "2014.04.19"]
[Round "2"]
[White "Ponting, Andrew"]
[Black "Kane, Robert"]
[Result "0-1"]
[WhiteElo "1915"]
[BlackElo "1875"]
[EventType "swiss"]
[EventRounds "6"]

1. d4 Nf6 2. c4 e5 3. dxe5 Ng4 4. Nf3 Bc5 5. e3 Nc6 6. Be2 O-O 7. a3 a5 8. b3
Ncxe5 9. Bb2 Re8 10. h3 Nxf3+ 11. Bxf3 Nxe3 12. fxe3 Bxe3 13. Kf1 Qh4 14. Qc2
Ra6 15. Nc3 d5 16. Re1 Bf5 17. Rxe3 Rxe3 18. Qf2 Bd3+ 19. Ne2 Bxe2+ 20. Bxe2
Qe4 {#R} 0-1

[Event "2nd Golders Green Open Apr 2014"]
[Site "?"]
[Date "2014.04.20"]
[Round "3"]
[White "Willmoth, Robert"]
[Black "Sano, Tomu"]
[Result "1-0"]
[WhiteElo "2142"]
[BlackElo "2135"]
[EventType "swiss"]
[EventRounds "6"]

1. e4 e5 2. Nc3 Nf6 3. g3 d5 4. exd5 Nxd5 5. Bg2 Nxc3 6. bxc3 Bd6 7. Qe2 O-O
8. d3 c6 9. Nf3 Nd7 10. O-O h6 11. Re1 f5 12. d4 e4 13. Nd2 Nf6 14. f3 exf3
15. Nxf3 Ng4 16. Bf4 Bxf4 17. gxf4 Kh7 18. c4 Bd7 19. c5 Re8 20. Qd3 Be6 21.
h3 Kg8 22. hxg4 fxg4 23. Ne5 Qf6 24. Rf1 h5 25. f5 Bd5 26. Bxd5+ cxd5 27. Qg3
Re7 28. Kg2 Qg5 29. Qf4 Qf6 30. Rf2 Rf8 31. Qd2 g3 32. Rf3 h4 33. Raf1 b6 34.
c6 Rc8 35. c3 b5 36. Rh1 Rce8 37. Qf4 Rxe5 38. dxe5 Rxe5 39. Rxh4 {#r} 1-0